Dhakaiyas on the move /

Case study with reference to the dwellers of Dhaka City, Bangladesh.

Bibliographic Details
Main Author: Khatun, Hafiza
Format: Book
Language:English
Published: Dhaka : Academic Press and Publishers, 2003.
Subjects:
Classic Catalogue: View this record in Classic Catalogue
LEADER 01094nam a2200253 a 4500
001 13525669
008 090726s2003 bg ab b 000 0 eng d
010 |a  2003328031 
020 |a 9840801805 
040 |a DLC  |c DLC 
082 0 4 |a 319.4095492  |2 22 
100 1 |a Khatun, Hafiza. 
245 1 0 |a Dhakaiyas on the move /  |c Hafiza Khatun. 
260 |a Dhaka :  |b Academic Press and Publishers,  |c 2003. 
300 |a xiv, 160 p. :  |b ill., maps ;  |c 23 cm. 
520 |a Case study with reference to the dwellers of Dhaka City, Bangladesh. 
504 |a Includes bibliographical references (p. [150]-160). 
541 1 |e 00008851 
650 0 |a Residential mobility  |z Bangladesh  |z Dhaka  |v Case studies. 
650 0 |a City dwellers  |z Bangladesh  |z Dhaka  |v Case studies. 
651 0 |a Dhaka (Bangladesh)  |x Population  |v Case studies. 
852 4 |a Ayesha Abed Library   |j General Shelf. 
999 |c 2865  |d 2865 
952 |0 0  |1 0  |2 ddc  |4 0  |6 319_409549200000000_KHA  |7 0  |9 2614  |a BRACUL  |b BRACUL  |c GEN  |d 2009-07-27  |g 0.00  |l 1  |m 1  |o 319.4095492 KHA  |p 3010008851  |r 2012-11-14  |s 2012-09-25  |t 1  |w 2009-07-27  |y BK  |x No price found in the accession register.